000 00543cam a22002171 4500
001 sa 67004369
003 DLC
005 20260227112346.0
008 890705s1966 bg 000 0 beno
010 _asa 67004369
035 _a(OCoLC)19963681
040 _aDLC
_cWaU
_dDLC
042 _apremarc
050 0 0 _aPK1718.I84
_bD5
100 1 _aIslam, Muzharul.
245 1 0 _aDillīra masanada.
260 _c[1966]
300 _a182 p.
_c22 cm.
500 _aIn Bengali.
600 0 0 _aJahandar Shah,
_cEmperor of Delhi,
_d1663-1713
_vDrama.
999 _c74423
_d74423